Formula 1 Current Drivers by Picture - Statistics

General Stats
  • This quiz has been taken 4,093 times
  • The average score is 17 of 20
Answer Stats
Photo Driver % Correct
Lewis Hamilton
95%
Valtteri Bottas
94%
Charles Leclerc
93%
Max Verstappen
93%
Carlos Sainz
92%
Lando Norris
92%
Sebastian Vettel
92%
Alexander Albon
91%
Sergio Perez
91%
Kevin Magnussen
90%
Lance Stroll
90%
Pierre Gasly
90%
George Russell
89%
Daniel Ricciardo
88%
Kimi Raikkonen
88%
Esteban Ocon
87%
Romain Grosjean
85%
Daniil Kvyat
77%
Antonio Giovinazzi
74%
Nicholas Latifi
61%
No matching quizzes found
Score Distribution
Percent of People with Each Score
Percentile by Number Answered
Your Score History
You have not taken this quiz